000 00281nam a22001217a 4500
008 181217b xxu||||| |||| 00| 0 eng d
041 _aeng
080 _a574
100 _a9
101 _aMJE
245 _aA Guide to Medicinal Plants of Appalachia
_cKrochmal.A
942 _2udc
_cBK
999 _c53199
_d53199